Introduction to data structures in C / (Record no. 2271)

MARC details
000 -LEADER
Fixed length control field 00433nam a2200157 4500
003 - CONTROL NUMBER IDENTIFIER
Control field SEACOMEC
005 - DATE AND TIME OF LATEST TRANSACTION
Control field 20250507131926.0
008 - FIXED-LENGTH DATA ELEMENTS--GENERAL INFORMATION
Fixed length control field 250507b |||||||| |||| 00| 0 eng d
020 ## - INTERNATIONAL STANDARD BOOK NUMBER / ISBN
International Standard Book Number 9788131713921
Price 299.00
040 ## - CATALOGING SOURCE
Original cataloging agency SEACOMEC
082 ## - DEWEY DECIMAL CLASSIFICATION NUMBER
Classification number 005.13
Book Number K15
100 ## - MAIN ENTRY--PERSONAL NAME
Personal name Kamthane, Ashok N
245 ## - TITLE STATEMENT
Title Introduction to data structures in C /
Statement of responsibility Ashok N Kamthane
260 ## - IMPRINT
Place of publication New Delhi :
Name of publisher Pearson Education ,
Date of publication 2007
942 ## - ADDED ENTRY ELEMENTS (KOHA)
Koha item type Books
Holdings
Withdrawn status Lost status Source of classification Damaged status Not for loan Home library Current library Date acquired Total Checkouts Call number Accession number Date last seen Price effective from Koha item type Copy number
    Dewey Decimal Classification     SEACOM ENGINEERING COLLEGE SEACOM ENGINEERING COLLEGE 08/10/2010   005.13 K15 17287 07/05/2025 07/05/2025 Reference Books  
    Dewey Decimal Classification     SEACOM ENGINEERING COLLEGE SEACOM ENGINEERING COLLEGE 08/10/2010   005.13 K15 17288 07/05/2025 07/05/2025 Books 1
    Dewey Decimal Classification     SEACOM ENGINEERING COLLEGE SEACOM ENGINEERING COLLEGE 08/10/2010   005.13 K15 17289 07/05/2025 07/05/2025 Books 2
    Dewey Decimal Classification     SEACOM ENGINEERING COLLEGE SEACOM ENGINEERING COLLEGE 08/10/2010   005.13 K15 17290 07/05/2025 07/05/2025 Books 3
    Dewey Decimal Classification     SEACOM ENGINEERING COLLEGE SEACOM ENGINEERING COLLEGE 08/10/2010   005.13 K15 17291 07/05/2025 07/05/2025 Books 4
    Dewey Decimal Classification     SEACOM ENGINEERING COLLEGE SEACOM ENGINEERING COLLEGE 08/10/2010   005.13 K15 17292 07/05/2025 07/05/2025 Books 5
    Dewey Decimal Classification     SEACOM ENGINEERING COLLEGE SEACOM ENGINEERING COLLEGE 08/10/2010   005.13 K15 17293 07/05/2025 07/05/2025 Books 6
    Dewey Decimal Classification     SEACOM ENGINEERING COLLEGE SEACOM ENGINEERING COLLEGE 08/10/2010   005.13 K15 17294 07/05/2025 07/05/2025 Books 7
    Dewey Decimal Classification     SEACOM ENGINEERING COLLEGE SEACOM ENGINEERING COLLEGE 08/10/2010   005.13 K15 17295 07/05/2025 07/05/2025 Books 8
    Dewey Decimal Classification     SEACOM ENGINEERING COLLEGE SEACOM ENGINEERING COLLEGE 08/10/2010   005.13 K15 17296 07/05/2025 07/05/2025 Books 9
© Seacom Engineering College, All rights reserved.      Powered by Koha